Gender & crime / (Record no. 4171)
[ view plain ]
| 000 -LEADER | |
|---|---|
| fixed length control field | 00788nam a22002412 4500 |
| 001 - CONTROL NUMBER | |
| control field | 0000020713 |
| 005 - DATE AND TIME OF LATEST TRANSACTION | |
| control field | 20151217145926.0 |
| 008 - FIXED-LENGTH DATA ELEMENTS--GENERAL INFORMATION | |
| fixed length control field | 111005s xx 000 0 eng d |
| 020 ## - INTERNATIONAL STANDARD BOOK NUMBER | |
| International Standard Book Number | 1412911993 : |
| 040 ## - CATALOGING SOURCE | |
| Original cataloging agency | KABU |
| Transcribing agency | KABU |
| 100 1# - MAIN ENTRY--PERSONAL NAME | |
| Personal name | Silvestri, Marisa. |
| -- | 0000181227 |
| 245 10 - TITLE STATEMENT | |
| Title | Gender & crime / |
| Statement of responsibility, etc. | Marisa Silvestri and Chris Crowther-Dowey. |
| 250 ## - EDITION STATEMENT | |
| Edition statement | 1st ed. |
| 260 ## - PUBLICATION, DISTRIBUTION, ETC. (IMPRINT) | |
| Place of publication, distribution, etc. | London : |
| Name of publisher, distributor, etc. | SAGE, |
| Date of publication, distribution, etc. | 2008. |
| 300 ## - PHYSICAL DESCRIPTION | |
| Extent | ix, 262 p. |
| 650 #0 - SUBJECT ADDED ENTRY--TOPICAL TERM | |
| Topical term or geographic name as entry element | Crime |
| General subdivision | Sociological aspects. |
| -- | 0000181228 |
| 650 #0 - SUBJECT ADDED ENTRY--TOPICAL TERM | |
| Topical term or geographic name as entry element | Crime |
| General subdivision | Sex differences. |
| -- | 0000181229 |
| 650 #0 - SUBJECT ADDED ENTRY--TOPICAL TERM | |
| Topical term or geographic name as entry element | Sex discrimination in criminal justice administration. |
| -- | 0000181230 |
| 700 1# - ADDED ENTRY--PERSONAL NAME | |
| Personal name | Crowther-Dowey, Chris. |
| -- | 0000181231 |
| 852 1# - LOCATION | |
| -- | p3183.70 KES |
| 908 ## - PUT COMMAND PARAMETER (RLIN) | |
| Put command parameter | 111005 |
| 950 ## - LOCAL HOLDINGS (RLIN) | |
| -- | 1 |
| Withdrawn status | Lost status | Source of classification or shelving scheme | Not for loan | Home library | Current library | Date acquired | Total Checkouts | Full call number | Barcode | Date last seen | Date last checked out | Price effective from | Koha item type |
|---|---|---|---|---|---|---|---|---|---|---|---|---|---|
| Library of Congress Classification | Kabarak, Main Campus | Kabarak, Main Campus | 17/12/2015 | 5 | HV6158 .S55 2008 c. 1 | 19329 | 09/10/2024 | 24/09/2024 | 17/12/2015 | General Collection |